000 00442nam a2200169Ia 4500
003 GCL
008 140319s9999 xx 000 0 eng d
040 _aGCL /
_cGCL
082 0 4 _a004.67
_bM I
100 1 _aHAHN, HARLEY
245 1 0 _aHARLEY HAHN'S INTERNET AND WEB YELLOW PAGES /
_cHAHN, HARLEY
260 _a[S.N] :
_bMC GRAW - HILL ،
_c1997
300 _a904 P
650 0 4 _aشعر الحرب
650 0 4 _aINTERNET
942 _2ddc
_cBK
999 _c13233
_d13233